000 00220 a2200097 4500
001 33547
100 _aSrinivasan, S.
245 _aAutomotive mechanics
260 _aN D
_bTata McGraw-Hill
_c2003
090 _c22318
_d22318
942 _aNUST-CAE
_cM
_c13690
999 _c268620
_d268620